[Event "Oberliga NRW 1617"]
[Site "Germany"]
[Date "2017.03.05"]
[Round "7.3"]
[White "Franke, Thomas"]
[Black "Skulener, Wladimir"]
[Result "0-1"]
[WhiteElo "2152"]
[BlackElo "2388"]
[PlyCount "52"]
[EventDate "2016.09.25"]
[EventType "team-tourn"]
[EventRounds "9"]
[EventCountry "GER"]
[SourceTitle "EXT 2020"]
[Source "ChessBase"]
[SourceDate "2019.10.17"]
[SourceVersion "1"]
[SourceVersionDate "2019.10.17"]
[SourceQuality "1"]
[WhiteTeam "Iserlohn Koenigsspringer"]
[BlackTeam "Aachen Aufwaerts II"]
[WhiteTeamCountry "GER"]
[BlackTeamCountry "GER"]

1. c4 e5 2. g3 f5 3. Bg2 Nf6 4. Nc3 Bb4 5. Qb3 Bxc3 6. bxc3 Nc6 7. d3 0-0 8. Nf3 d6 9. c5+ Kh8 10. cxd6 cxd6 11. 0-0 Qe7 12. Rb1 Rb8 13. Bg5 Be6 14. Qb5 Bxa2 15. Rb2 Be6 16. Rfb1 Qc7 17. Nh4 Nd7 18. Bd5 a6 19. Qc4 Bxd5 20. Qxd5 Nc5 21. Be3 Na4 22. Rb3 b5 23. c4 b4 24. c5 dxc5 25. Ra1 Rbd8 26. Qc4 Na5 0-1

[Event "Oberliga NRW 1617"]
[Site "Germany"]
[Date "2016.09.25"]
[Round "1.4"]
[White "Franke, Thomas"]
[Black "Kaufeld, Juergen"]
[Result "0-1"]
[WhiteElo "2152"]
[BlackElo "2327"]
[PlyCount "88"]
[EventDate "2016.09.25"]
[EventType "team-tourn"]
[EventRounds "9"]
[EventCountry "GER"]
[SourceTitle "EXT 2020"]
[Source "ChessBase"]
[SourceDate "2019.10.17"]
[SourceVersion "1"]
[SourceVersionDate "2019.10.17"]
[SourceQuality "1"]
[WhiteTeam "Iserlohn Koenigsspringer"]
[BlackTeam "Oberhausen"]
[WhiteTeamCountry "GER"]
[BlackTeamCountry "GER"]

1. e4 c5 2. c3 d5 3. exd5 Qxd5 4. d4 Nc6 5. Nf3 Bf5 6. Na3 cxd4 7. Nxd4 Nxd4 8. Bb5+ Bd7 9. Qxd4 Qxd4 10. cxd4 Rc8 11. Bd3 e6 12. Nb5 a6 13. Nc3 Bb4 14. Bd2 Nf6 15. Ne4 Bxd2+ 16. Kxd2 Ke7 17. Nxf6 Kxf6 18. Rhc1 Bc6 19. g3 Rhd8 20. Ke3 Rd6 21. Be4 Ke7 22. Rc3 f5 23. Bf3 g5 24. h3 f4+ 25. gxf4 gxf4+ 26. Kd3 e5 27. d5 Rcd8 28. Rac1 Kf6 29. Rc5 Bxd5 30. Rxd5 Rxd5+ 31. Bxd5 Rxd5+ 32. Ke4 Rd2 33. Rc7 Rxf2 34. Rxb7 Re2+ 35. Kf3 Re3+ 36. Kg2 Rg3+ 37. Kf2 Rxh3 38. Rb6+ Kf5 39. Rxa6 Rh2+ 40. Ke1 Rxb2 41. Rh6 e4 42. Rxh7 e3 43. Rg7 Ke4 44. Rh7 Rb1+ 0-1

[Event "NRW Class1 1516"]
[Site "Germany"]
[Date "2015.10.25"]
[Round "2.3"]
[White "Jens, Jelmer"]
[Black "Franke, Thomas"]
[Result "1/2-1/2"]
[WhiteElo "2297"]
[BlackElo "2074"]
[PlyCount "53"]
[EventDate "2015.09.27"]
[EventType "team-tourn"]
[EventRounds "9"]
[EventCountry "GER"]
[SourceTitle "EXT 2017"]
[Source "ChessBase"]
[SourceDate "2016.10.25"]
[SourceVersion "1"]
[SourceVersionDate "2016.10.25"]
[SourceQuality "1"]
[WhiteTeam "Erkenschwick"]
[BlackTeam "Iserlohn Koenigsspringer"]
[WhiteTeamCountry "GER"]
[BlackTeamCountry "GER"]

1. e4 e6 2. d4 d5 3. Nd2 Nf6 4. e5 Nfd7 5. c3 c5 6. Bd3 Nc6 7. Ne2 cxd4 8. cxd4 f6 9. exf6 Nxf6 10. Nf3 Bd6 11. 0-0 Qc7 12. Bd2 0-0 13. Rc1 Bd7 14. Re1 Ng4 15. Ng3 g6 16. Bc3 Qb6 17. Qc2 Rf6 18. h3 Rxf3 19. gxf3 Nxd4 20. Bxd4 Qxd4 21. hxg4 Bxg3 22. Kg2 Be5 23. Qe2 Bf4 24. Rcd1 Qb6 25. Rh1 Rf8 26. Qc2 Rc8 27. Qe2 1/2-1/2

[Event "NRW Class1 1516"]
[Site "Germany"]
[Date "2015.09.27"]
[Round "1.3"]
[White "Franke, Thomas"]
[Black "Paalman, Henk Jan"]
[Result "1/2-1/2"]
[WhiteElo "2074"]
[BlackElo "2128"]
[PlyCount "33"]
[EventDate "2015.09.27"]
[EventType "team-tourn"]
[EventRounds "9"]
[EventCountry "GER"]
[SourceTitle "EXT 2017"]
[Source "ChessBase"]
[SourceDate "2016.10.25"]
[SourceVersion "1"]
[SourceVersionDate "2016.10.25"]
[SourceQuality "1"]
[WhiteTeam "Iserlohn Koenigsspringer"]
[BlackTeam "Emsdetten Rochade"]
[WhiteTeamCountry "GER"]
[BlackTeamCountry "GER"]

1. d4 Nf6 2. c4 e6 3. Nf3 d5 4. g3 Be7 5. Bg2 0-0 6. 0-0 dxc4 7. Qc2 b5 8. a4 b4 9. Rd1 Bb7 10. Bg5 Nbd7 11. Nbd2 c3 12. bxc3 bxc3 13. Bxf6 Bxf6 14. Nb1 c5 15. Nxc3 cxd4 16. Nxd4 Bxg2 17. Kxg2 1/2-1/2

[Event "NRW Class2 1415"]
[Site "Germany"]
[Date "2014.10.05"]
[Round "2.4"]
[White "Marcziter, Dmitrii"]
[Black "Franke, Thomas"]
[Result "1-0"]
[WhiteElo "2179"]
[BlackElo "2076"]
[PlyCount "127"]
[EventDate "2014.09.14"]
[EventType "team-tourn"]
[EventRounds "9"]
[EventCountry "GER"]
[SourceTitle "EXT 2017"]
[Source "ChessBase"]
[SourceDate "2016.10.25"]
[SourceVersion "1"]
[SourceVersionDate "2016.10.25"]
[SourceQuality "1"]
[WhiteTeam "Aachen Aufwaerts II"]
[BlackTeam "Iserlohn Koenigsspringer"]
[WhiteTeamCountry "GER"]
[BlackTeamCountry "GER"]

1. d4 Nf6 2. c4 g6 3. Nc3 Bg7 4. g3 d6 5. Bg2 0-0 6. Nf3 Nc6 7. 0-0 a6 8. Qd3 Nb4 9. Qd2 a5 10. b3 c6 11. Bb2 Bf5 12. Nh4 Bd7 13. e4 e5 14. Nf3 Re8 15. h3 Qc7 16. Rfe1 Rad8 17. Rad1 Bc8 18. a3 Na6 19. Qc2 Nd7 20. Bc1 Nf8 21. Bg5 Rd7 22. Be3 Rde7 23. dxe5 dxe5 24. Na4 b5 25. Nb6 Be6 26. c5 h6 27. Bd2 Qa7 28. Be3 Qc7 29. Rd6 Nd7 30. Red1 Rb8 31. Nxd7 Rxd7 32. Rxd7 Bxd7 33. Qd2 Be6 34. b4 Kh7 35. bxa5 Bb3 36. Rb1 Rd8 37. Qc3 Ba2 38. Rb2 Bc4 39. Rd2 f6 40. Bf1 Bxf1 41. Kxf1 Bf8 42. Kg2 Qe7 43. a4 Rxd2 44. Nxd2 bxa4 45. Qc4 Qb7 46. Qxa4 Bxc5 47. Bxc5 Nxc5 48. Qc4 Na6 49. Nb3 c5 50. Nxc5 Nxc5 51. Qxc5 Qxe4+ 52. Kh2 g5 53. a6 Kg6 54. a7 Qf3 55. Qc2+ Kg7 56. Qa2 Qa8 57. Qa3 h5 58. Qa5 h4 59. Qc7+ Kg6 60. gxh4 Qf3 61. h5+ Kh6 62. Qc2 f5 63. Qa2 Qa8 64. Qf7 1-0

[Event "NRW Class1 1314"]
[Site "Germany"]
[Date "2014.04.06"]
[Round "8.4"]
[White "Kitte, Sebastian"]
[Black "Franke, Thomas"]
[Result "1/2-1/2"]
[WhiteElo "2248"]
[BlackElo "2055"]
[PlyCount "32"]
[EventDate "2013.09.15"]
[EventType "team-tourn"]
[EventRounds "9"]
[EventCountry "GER"]
[SourceTitle "EXT 2015"]
[Source "ChessBase"]
[SourceDate "2014.11.20"]
[SourceVersion "1"]
[SourceVersionDate "2014.11.20"]
[SourceQuality "1"]
[WhiteTeam "Bochum II"]
[BlackTeam "Iserlohn Koenigsspringer"]
[WhiteTeamCountry "GER"]
[BlackTeamCountry "GER"]

1. d4 Nf6 2. c4 g6 3. Nc3 Bg7 4. e4 d6 5. Nf3 0-0 6. h3 c5 7. d5 b5 8. cxb5 a6 9. a4 Bd7 10. Bd2 e6 11. dxe6 Bxe6 12. Be2 axb5 13. Bxb5 d5 14. exd5 Nxd5 15. 0-0 Nb4 16. Ne4 Qd5 1/2-1/2

[Event "NRW Class1 1314"]
[Site "Germany"]
[Date "2013.11.17"]
[Round "3.4"]
[White "Rybarczyk, Klaus"]
[Black "Franke, Thomas"]
[Result "1-0"]
[WhiteElo "2129"]
[BlackElo "2055"]
[PlyCount "121"]
[EventDate "2013.09.15"]
[EventType "team-tourn"]
[EventRounds "9"]
[EventCountry "GER"]
[SourceTitle "EXT 2015"]
[Source "ChessBase"]
[SourceDate "2014.11.20"]
[SourceVersion "1"]
[SourceVersionDate "2014.11.20"]
[SourceQuality "1"]
[WhiteTeam "Niederkassel"]
[BlackTeam "Iserlohn Koenigsspringer"]
[WhiteTeamCountry "GER"]
[BlackTeamCountry "GER"]

1. Nf3 Nf6 2. d4 c5 3. c4 cxd4 4. Nxd4 b6 5. Nc3 Bb7 6. Bg5 e6 7. e4 d6 8. f4 Nbd7 9. Qe2 Qb8 10. 0-0-0 Be7 11. g4 0-0 12. Bg2 Rc8 13. Kb1 Bf8 14. f5 e5 15. Bxf6 Nxf6 16. Nc2 Qc7 17. Ne3 Qc5 18. g5 Nh5 19. Qxh5 Qxe3 20. Rhe1 Qf4 21. Rf1 g6 22. fxg6 hxg6 23. Qe2 Qxg5 24. h4 Qxh4 25. Rh1 Qe7 26. Bh3 Rd8 27. Rdg1 Bg7 28. Qh2 a6 29. Bg4 b5 30. Qh7+ Kf8 31. Nd5 Bxd5 32. cxd5 Ra7 33. Rf1 Qg5 34. Be6 Rc7 35. Bxf7 Rxf7 36. Rxf7+ Kxf7 37. Rf1+ Qf6 38. Rxf6+ Kxf6 39. Qh4+ g5 40. Qf2+ Kg6 41. Qf5+ Kh6 42. Qh3+ Kg6 43. Qf5+ Kh6 44. Qe6+ Kh5 45. Qf7+ Kh6 46. Qe7 Rf8 47. Qxd6+ Rf6 48. Qd7 Bf8 49. a3 b4 50. Qd8 Rf1+ 51. Kc2 bxa3 52. bxa3 Bxa3 53. Qh8+ Kg6 54. Qe8+ Rf7 55. Qxe5 Be7 56. Qe6+ Kg7 57. e5 a5 58. d6 Bd8 59. Qc8 Rf8 60. Qd7+ Kg6 61. e6 1-0

[Event "NRW Class1 1314"]
[Site "Germany"]
[Date "2013.10.06"]
[Round "2.4"]
[White "Franke, Thomas"]
[Black "Himpenmacher, Andy"]
[Result "1/2-1/2"]
[WhiteElo "2055"]
[BlackElo "2045"]
[PlyCount "43"]
[EventDate "2013.09.15"]
[EventType "team-tourn"]
[EventRounds "9"]
[EventCountry "GER"]
[SourceTitle "EXT 2015"]
[Source "ChessBase"]
[SourceDate "2014.11.20"]
[SourceVersion "1"]
[SourceVersionDate "2014.11.20"]
[SourceQuality "1"]
[WhiteTeam "Iserlohn Koenigsspringer"]
[BlackTeam "Lieme"]
[WhiteTeamCountry "GER"]
[BlackTeamCountry "GER"]

1. c4 e5 2. g3 Nc6 3. Bg2 g6 4. Nc3 Bg7 5. e3 d6 6. Nge2 Nge7 7. 0-0 0-0 8. Nd5 Be6 9. Re1 Qd7 10. d3 Bxd5 11. cxd5 Nb4 12. Qb3 a5 13. a3 Na6 14. a4 Nc5 15. Qc2 c6 16. Nc3 Na6 17. Rd1 Nb4 18. Qb3 Rfc8 19. e4 cxd5 20. Bg5 Nec6 21. Nb5 dxe4 22. Bxe4 1/2-1/2

[Event "NRW Class2 1213"]
[Site "Germany"]
[Date "2013.04.07"]
[Round "8.6"]
[White "Franke, Thomas"]
[Black "Trzaska, Peter"]
[Result "1/2-1/2"]
[WhiteElo "2028"]
[BlackElo "2075"]
[PlyCount "28"]
[EventDate "2012.09.16"]
[EventType "team-tourn"]
[EventRounds "9"]
[EventCountry "GER"]
[SourceTitle "EXT 2017"]
[Source "ChessBase"]
[SourceDate "2016.10.25"]
[SourceVersion "1"]
[SourceVersionDate "2016.10.25"]
[SourceQuality "1"]
[WhiteTeam "Iserlohn Koenigsspringer"]
[BlackTeam "Herne Sodingen"]
[WhiteTeamCountry "GER"]
[BlackTeamCountry "GER"]

1. e4 c6 2. d4 d5 3. exd5 cxd5 4. c4 Nf6 5. Nc3 g6 6. cxd5 Bg7 7. Bb5+ Nbd7 8. d6 exd6 9. Qe2+ Qe7 10. Bf4 Qxe2+ 11. Bxe2 d5 12. Bf3 0-0 13. Nge2 Nb6 14. 0-0 Bd7 1/2-1/2

[Event "NRW Class2 1213"]
[Site "Germany"]
[Date "2013.02.17"]
[Round "6.5"]
[White "Grochtmann, Stephan"]
[Black "Franke, Thomas"]
[Result "0-1"]
[WhiteElo "2030"]
[BlackElo "2028"]
[PlyCount "42"]
[EventDate "2012.09.16"]
[EventType "team-tourn"]
[EventRounds "9"]
[EventCountry "GER"]
[SourceTitle "EXT 2017"]
[Source "ChessBase"]
[SourceDate "2016.10.25"]
[SourceVersion "1"]
[SourceVersionDate "2016.10.25"]
[SourceQuality "1"]
[WhiteTeam "Guetersloh"]
[BlackTeam "Iserlohn Koenigsspringer"]
[WhiteTeamCountry "GER"]
[BlackTeamCountry "GER"]

1. e4 e6 2. b3 d5 3. Bb2 dxe4 4. Nc3 f5 5. d3 Nf6 6. dxe4 Qxd1+ 7. Rxd1 fxe4 8. Nb5 Bb4+ 9. c3 Ba5 10. b4 a6 11. Nd4 Bb6 12. Bc4 Nc6 13. Nxc6 bxc6 14. Ne2 Ng4 15. 0-0 Rf8 16. Nd4 e5 17. Nxc6 Bd7 18. Rxd7 Kxd7 19. Rd1+ Kxc6 20. Bd5+ Kd6 21. Bxa8+ Ke7 0-1

[Event "NRW Class2 1213"]
[Site "Germany"]
[Date "2012.12.16"]
[Round "4.6"]
[White "Franke, Thomas"]
[Black "Seegers, Hendrik"]
[Result "0-1"]
[WhiteElo "2028"]
[BlackElo "2178"]
[PlyCount "66"]
[EventDate "2012.09.16"]
[EventType "team-tourn"]
[EventRounds "9"]
[EventCountry "GER"]
[SourceTitle "EXT 2017"]
[Source "ChessBase"]
[SourceDate "2016.10.25"]
[SourceVersion "1"]
[SourceVersionDate "2016.10.25"]
[SourceQuality "1"]
[WhiteTeam "Iserlohn Koenigsspringer"]
[BlackTeam "Neuenkirchen"]
[WhiteTeamCountry "GER"]
[BlackTeamCountry "GER"]

1. d4 d5 2. c4 e6 3. Nf3 c6 4. g3 dxc4 5. Bg2 b5 6. Ne5 Bb7 7. 0-0 Nf6 8. a4 Nd5 9. b3 cxb3 10. Qxb3 b4 11. a5 Be7 12. e4 Nf6 13. Bb2 0-0 14. Rc1 c5 15. dxc5 Bxe4 16. c6 Na6 17. Bxe4 Nxe4 18. Nd7 Nec5 19. Qc4 Nxd7 20. cxd7 Nc5 21. Rd1 Qc7 22. Nd2 Qxd7 23. Qg4 e5 24. Qe2 Qe6 25. Nf3 f6 26. a6 Rfd8 27. Qb5 Rxd1+ 28. Rxd1 Nxa6 29. Qb7 Rb8 30. Qxa7 Bc5 31. Qd7 Qxd7 32. Rxd7 Bf8 33. g4 Nc5 0-1

[Event "NRW Class2 1213"]
[Site "Germany"]
[Date "2012.11.18"]
[Round "3.6"]
[White "Joergens, Markus"]
[Black "Franke, Thomas"]
[Result "1/2-1/2"]
[WhiteElo "2095"]
[BlackElo "2028"]
[PlyCount "34"]
[EventDate "2012.09.16"]
[EventType "team-tourn"]
[EventRounds "9"]
[EventCountry "GER"]
[SourceTitle "EXT 2017"]
[Source "ChessBase"]
[SourceDate "2016.10.25"]
[SourceVersion "1"]
[SourceVersionDate "2016.10.25"]
[SourceQuality "1"]
[WhiteTeam "Oberhausen"]
[BlackTeam "Iserlohn Koenigsspringer"]
[WhiteTeamCountry "GER"]
[BlackTeamCountry "GER"]

1. d4 Nf6 2. c4 g6 3. Nc3 Bg7 4. e4 d6 5. Be2 0-0 6. Bg5 Na6 7. h4 e5 8. d5 c6 9. Qd2 cxd5 10. cxd5 Nc5 11. f3 Bd7 12. b4 Na4 13. Nb5 Qe7 14. Qc2 a6 15. Qxa4 h6 16. Be3 axb5 17. Qc2 Nh5 1/2-1/2

[Event "NRW Class2 1213"]
[Site "Germany"]
[Date "2012.10.21"]
[Round "2.5"]
[White "Neumair, Jerome"]
[Black "Franke, Thomas"]
[Result "1/2-1/2"]
[WhiteElo "2079"]
[BlackElo "2028"]
[PlyCount "57"]
[EventDate "2012.09.16"]
[EventType "team-tourn"]
[EventRounds "9"]
[EventCountry "GER"]
[SourceTitle "EXT 2017"]
[Source "ChessBase"]
[SourceDate "2016.10.25"]
[SourceVersion "1"]
[SourceVersionDate "2016.10.25"]
[SourceQuality "1"]
[WhiteTeam "Solingen III"]
[BlackTeam "Iserlohn Koenigsspringer"]
[WhiteTeamCountry "GER"]
[BlackTeamCountry "GER"]

1. d4 Nf6 2. c4 d6 3. Nc3 g6 4. e4 Bg7 5. Nf3 0-0 6. h3 e5 7. d5 a5 8. Be3 Nfd7 9. g4 Na6 10. Nd2 Ndc5 11. h4 f5 12. gxf5 gxf5 13. h5 Kh8 14. h6 Bf6 15. Qh5 f4 16. Bxc5 Nxc5 17. Ke2 Qe8 18. Qf3 Rg8 19. Bh3 Rg5 20. Rag1 Qg6 21. Rxg5 Qxg5 22. Nb5 Na6 23. Bxc8 Rxc8 24. Qh3 Rg8 25. Nf3 Qg4 26. Qh2 Qg6 27. Nc3 Qg2 28. Qh5 Qg6 29. Qh3 1/2-1/2

[Event "Unna op"]
[Site "Unna"]
[Date "2010.12.28"]
[Round "4.5"]
[White "Franke, Thomas"]
[Black "Arndt, Stefan"]
[Result "1/2-1/2"]
[WhiteElo "2164"]
[BlackElo "2206"]
[PlyCount "29"]
[EventDate "2010.12.27"]
[EventType "swiss"]
[EventRounds "7"]
[EventCountry "GER"]
[SourceTitle "CBM 140 Extra"]
[Source "ChessBase"]
[SourceDate "2011.03.01"]
[SourceVersion "1"]
[SourceVersionDate "2011.03.01"]
[SourceQuality "1"]

1. e4 e5 2. Nf3 Nc6 3. d4 exd4 4. Nxd4 Nf6 5. Nxc6 bxc6 6. e5 Qe7 7. Qe2 Nd5 8. c4 Nb6 9. Nc3 a5 10. Bd2 Qe6 11. Qe4 Ba6 12. b3 g6 13. Bd3 Bg7 14. 0-0 0-0 15. Rfe1 1/2-1/2

[Event "Dortmund Sparkassen op-A"]
[Site "Dortmund"]
[Date "2010.07.22"]
[Round "6"]
[White "Kelm, Marcel"]
[Black "Franke, Thomas"]
[Result "1/2-1/2"]
[WhiteElo "1951"]
[BlackElo "2198"]
[PlyCount "59"]
[EventDate "2010.07.17"]
[EventType "swiss"]
[EventRounds "9"]
[EventCountry "GER"]
[SourceTitle "CBM 137 Extra"]
[Source "ChessBase"]
[SourceDate "2010.09.01"]
[SourceVersion "1"]
[SourceVersionDate "2010.09.01"]
[SourceQuality "1"]

1. Nf3 c5 2. b3 Nc6 3. Bb2 Nf6 4. e3 a6 5. c4 e6 6. d4 cxd4 7. exd4 d5 8. Nbd2 Be7 9. Be2 dxc4 10. bxc4 0-0 11. 0-0 Rb8 12. Rc1 b6 13. Qc2 Bb7 14. Rfd1 Nb4 15. Qb1 a5 16. Ne5 Qc8 17. Bf3 Bxf3 18. Ndxf3 Qb7 19. a3 Na6 20. Qd3 Rbd8 21. Qb3 Rb8 22. Qb5 Nc7 23. Qc6 Rfe8 24. Rd3 h6 25. Rcd1 Bf8 26. d5 exd5 27. cxd5 Nfxd5 28. Rxd5 Nxd5 29. Qxd5 Qxd5 30. Rxd5 1/2-1/2

[Event "Duesseldorf Nord Cup 8th GrB"]
[Site "Duesseldorf"]
[Date "2008.08.03"]
[Round "5"]
[White "Marquardt, Benedikt"]
[Black "Franke, Thomas"]
[Result "1-0"]
[WhiteElo "2032"]
[BlackElo "2065"]
[PlyCount "115"]
[EventDate "2008.08.01"]
[EventType "tourn"]
[EventRounds "5"]
[EventCountry "GER"]
[SourceTitle "EXT 2017"]
[Source "ChessBase"]
[SourceDate "2016.10.25"]
[SourceVersion "1"]
[SourceVersionDate "2016.10.25"]
[SourceQuality "1"]

1. d4 Nf6 2. c4 g6 3. Nc3 Bg7 4. e4 d6 5. Nf3 0-0 6. Be2 e5 7. 0-0 Nc6 8. d5 Ne7 9. Ne1 Nd7 10. Nd3 f5 11. Bd2 Kh8 12. b4 Nf6 13. f3 f4 14. g4 Ne8 15. Be1 Ng8 16. Bf2 h5 17. h3 Bf6 18. Qe1 Rf7 19. Rc1 Rh7 20. Kg2 Nh6 21. c5 Bd7 22. cxd6 cxd6 23. Nb2 Rc8 24. Nb5 Rxc1 25. Qxc1 a6 26. Nc3 Bh4 27. Qe1 Bxf2 28. Qxf2 Qc8 29. Nca4 hxg4 30. hxg4 Bxg4 31. Rh1 Bd7 32. Nb6 Qd8 33. N2c4 Bb5 34. Qh4 Qxh4 35. Rxh4 Nf7 36. Rxh7+ Kxh7 37. Kf2 Bxc4 38. Bxc4 Kg7 39. Bf1 Kf8 40. Bh3 Ke7 41. Bc8 Kd8 42. Bxb7 Kc7 43. Bc6 Kxb6 44. Bxe8 Nd8 45. Kg2 a5 46. a3 axb4 47. axb4 Kc7 48. Kh3 Nb7 49. Kg4 Kd8 50. Bc6 Kc7 51. Kg5 Nd8 52. Be8 Nb7 53. Kxg6 Nd8 54. Kf6 Nb7 55. Ke7 Nd8 56. Bd7 Nb7 57. Bc6 Nd8 58. b5 1-0

[Event "Duesseldorf Nord Cup 8th GrB"]
[Site "Duesseldorf"]
[Date "2008.08.02"]
[Round "2"]
[White "Franke, Thomas"]
[Black "Nowik, Volker"]
[Result "1/2-1/2"]
[WhiteElo "2065"]
[BlackElo "2081"]
[PlyCount "33"]
[EventDate "2008.08.01"]
[EventType "tourn"]
[EventRounds "5"]
[EventCountry "GER"]
[SourceTitle "EXT 2017"]
[Source "ChessBase"]
[SourceDate "2016.10.25"]
[SourceVersion "1"]
[SourceVersionDate "2016.10.25"]
[SourceQuality "1"]

1. d4 d6 2. c4 g6 3. Nc3 Bg7 4. Nf3 Nf6 5. g3 0-0 6. Bg2 Nbd7 7. 0-0 e5 8. e3 c6 9. b3 Re8 10. dxe5 dxe5 11. e4 Nc5 12. Qxd8 Rxd8 13. Bb2 Nfxe4 14. Nxe4 Nxe4 15. Bxe5 Nd2 16. Bxg7 Nxf3+ 17. Bxf3 1/2-1/2

[Event "Duesseldorf Nord Cup 8th GrB"]
[Site "Duesseldorf"]
[Date "2008.08.02"]
[Round "3"]
[White "Zeldin, Leonid"]
[Black "Franke, Thomas"]
[Result "1/2-1/2"]
[WhiteElo "2112"]
[BlackElo "2065"]
[PlyCount "25"]
[EventDate "2008.08.01"]
[EventType "tourn"]
[EventRounds "5"]
[EventCountry "GER"]
[SourceTitle "EXT 2017"]
[Source "ChessBase"]
[SourceDate "2016.10.25"]
[SourceVersion "1"]
[SourceVersionDate "2016.10.25"]
[SourceQuality "1"]

1. d4 Nf6 2. c4 g6 3. Nc3 Bg7 4. e4 d6 5. Nf3 0-0 6. Be2 e5 7. dxe5 dxe5 8. 0-0 c6 9. Qc2 Qc7 10. Be3 Na6 11. h3 Nh5 12. Nh2 Nf4 13. Bxf4 1/2-1/2

[Event "Duesseldorf Nord Cup 8th GrB"]
[Site "Duesseldorf"]
[Date "2008.08.01"]
[Round "1"]
[White "Vasiljevs, Jurijs"]
[Black "Franke, Thomas"]
[Result "0-1"]
[WhiteElo "2070"]
[BlackElo "2065"]
[PlyCount "61"]
[EventDate "2008.08.01"]
[EventType "tourn"]
[EventRounds "5"]
[EventCountry "GER"]
[SourceTitle "EXT 2017"]
[Source "ChessBase"]
[SourceDate "2016.10.25"]
[SourceVersion "1"]
[SourceVersionDate "2016.10.25"]
[SourceQuality "1"]

1. d4 Nf6 2. c4 g6 3. Nc3 Bg7 4. e4 d6 5. Nf3 0-0 6. Be2 e5 7. 0-0 Nc6 8. dxe5 dxe5 9. Qxd8 Rxd8 10. Bg5 Rf8 11. h3 Nd4 12. Nxd4 exd4 13. Bxf6 Bxf6 14. Nd5 Bd8 15. c5 c6 16. Nb4 Re8 17. Bd3 Be7 18. Nc2 Bxc5 19. b4 Bf8 20. f4 b6 21. e5 c5 22. Be4 Ba6 23. b5 Bxb5 24. Rfb1 Ba4 25. Bxa8 Rxa8 26. Ne1 c4 27. Rc1 b5 28. a3 d3 29. Nf3 Bc5+ 30. Kf1 Be3 31. Rc3 0-1

[Event "BL2-Nord 0607"]
[Site "Germany"]
[Date "2007.03.18"]
[Round "7.6"]
[White "Kahlert, Thomas"]
[Black "Franke, Thomas"]
[Result "1/2-1/2"]
[WhiteElo "2255"]
[BlackElo "2195"]
[PlyCount "38"]
[EventDate "2006.10.15"]
[EventType "team-tourn"]
[EventRounds "9"]
[EventCountry "GER"]
[SourceTitle "EXT 2008"]
[Source "ChessBase"]
[SourceDate "2007.11.25"]
[SourceVersion "1"]
[SourceVersionDate "2007.11.25"]
[SourceQuality "1"]
[WhiteTeam "Norderstedt"]
[BlackTeam "Uelzen Post"]
[WhiteTeamCountry "GER"]
[BlackTeamCountry "GER"]

1. c4 e5 2. Nc3 Nf6 3. Nf3 Nc6 4. g3 Bb4 5. Bg2 0-0 6. 0-0 Re8 7. Nd5 Bf8 8. d3 h6 9. Bd2 Nxd5 10. cxd5 Nd4 11. Bc3 c5 12. e3 Nxf3+ 13. Bxf3 d6 14. Bg2 g6 15. e4 b5 16. b4 cxb4 17. Bxb4 a5 18. Bd2 Bd7 19. Be3 Bg7 1/2-1/2

[Event "Oberliga Nord W 0506"]
[Site "Germany"]
[Date "2006.03.12"]
[Round "8.7"]
[White "Kull, Florian"]
[Black "Franke, Thomas"]
[Result "0-1"]
[WhiteElo "2181"]
[BlackElo "2197"]
[PlyCount "84"]
[EventDate "2005.10.23"]
[EventType "team-tourn"]
[EventRounds "9"]
[EventCountry "GER"]
[SourceTitle "CBM 111 Extra"]
[Source "ChessBase"]
[SourceDate "2006.05.09"]
[SourceVersion "1"]
[SourceVersionDate "2006.05.09"]
[SourceQuality "1"]
[WhiteTeam "Hannover Post"]
[BlackTeam "Uelzen Post"]
[WhiteTeamCountry "GER"]
[BlackTeamCountry "GER"]

1. c4 Nf6 2. Nc3 c5 3. Nf3 g6 4. g3 b6 5. Bg2 Bb7 6. 0-0 Bg7 7. Re1 0-0 8. e4 Nc6 9. d3 d6 10. h3 Qd7 11. Be3 Rac8 12. Qe2 Ne8 13. Rad1 e5 14. Nh4 Nd4 15. Bxd4 cxd4 16. Nd5 Qd8 17. Nf3 Nc7 18. Nd2 Bh6 19. Rf1 Nxd5 20. exd5 f5 21. f4 exf4 22. gxf4 Re8 23. Qf2 Qf6 24. Rde1 Kf8 25. Nf3 Bxf4 26. Nxd4 Be5 27. Ne6+ Rxe6 28. dxe6 Bd4 29. Bxb7 Bxf2+ 30. Rxf2 Rc7 31. Bd5 Ke7 32. Ree2 Qd4 33. Rd2 Rc8 34. b4 g5 35. a4 h5 36. Kg2 f4 37. Rfe2 g4 38. Re4 Qc3 39. Rf2 f3+ 40. Kg3 Qc1 41. Ra2 Qg1+ 42. Kh4 f2 0-1

[Event "Bad Zwesten op 10th"]
[Site "Bad Zwesten"]
[Date "2006.01.06"]
[Round "7"]
[White "Schmidt, Markus"]
[Black "Franke, Thomas"]
[Result "0-1"]
[WhiteElo "1971"]
[BlackElo "2167"]
[PlyCount "98"]
[EventDate "2006.01.02"]
[EventType "swiss"]
[EventRounds "9"]
[EventCountry "GER"]
[SourceTitle "CBM 110 Extra"]
[Source "ChessBase"]
[SourceDate "2006.03.10"]
[SourceVersion "2"]
[SourceVersionDate "2006.03.10"]
[SourceQuality "1"]

1. e4 e6 2. d4 d5 3. exd5 exd5 4. c4 Nf6 5. Nc3 Be7 6. Be2 dxc4 7. Bxc4 0-0 8. Nge2 Nc6 9. 0-0 Bf5 10. a3 Bd6 11. h3 Qd7 12. Nb5 Be7 13. Bf4 Na5 14. Bd3 Bxd3 15. Qxd3 Nd5 16. Bd2 Nc6 17. Nbc3 Bf6 18. Rfd1 Nxc3 19. Bxc3 Rfe8 20. d5 Ne5 21. Bxe5 Rxe5 22. Nc3 Rd8 23. Rd2 c5 24. Rad1 Rf5 25. Ne4 Bd4 26. d6 Qe6 27. Re2 Re5 28. Rde1 Qd5 29. Qg3 Re6 30. Qh4 f6 31. Nc3 Rxe2 32. Nxd5 Rxe1+ 33. Kh2 Rxd6 34. Nc3 Be5+ 35. f4 Bxc3 36. bxc3 Re7 37. Qg4 b6 38. Qc8+ Kf7 39. Qf5 g6 40. Qc2 Kg7 41. h4 Re3 42. Qa4 a5 43. Qb3 Re4 44. g3 Re2+ 45. Kh3 h5 46. c4 Rdd2 47. g4 Rh2+ 48. Kg3 Rdg2+ 49. Kf3 Rh3+ 0-1